000 00667nam a22002297a 4500
001 5439
003 BD-RjUL 5475
005 20211208234051.0
008 131226s1998 ii a|||| b|||| 001 0 eng d
020 _a8173912432
035 _a(BD-RjUL)
040 _aBD-RjUL
_beng
_cBD-RjUL
041 _aeng
082 _222
_a332.6327
_bJAI 1998
100 _aJayadev, M.
_917084
245 _aInvestment policy and performance of mutual funds /
_cM Jayadev
260 _aNew Delhi :
_bKanishka Publishers,
_c1998.
300 _aix, 332 p. :
_bill;
_c22 cm.
504 _aIncludes bibliographical references and index.
650 _aMutual funds.
_917085
942 _2ddc
_cBK
999 _c5439
_d5439